[Event "Paris-ch opA"]
[Site "Paris"]
[Date "2004.07.06"]
[Round "4"]
[White "Kerrigan, Kevin"]
[Black "Frayssinet, Frank"]
[Result "1/2-1/2"]
[WhiteElo "2137"]
[BlackElo "2037"]
[PlyCount "56"]
[EventDate "2004.07.03"]
[EventType "swiss"]
[EventRounds "9"]
[EventCountry "FRA"]
[SourceTitle "EXT 2005"]
[Source "ChessBase"]
[SourceDate "2004.11.15"]
[SourceVersion "1"]
[SourceVersionDate "2004.11.15"]
[SourceQuality "1"]

1. b3 e5 2. Bb2 Nc6 3. e3 d5 4. Bb5 Bd6 5. c4 Nf6 6. Nf3 Qe7 7. c5 Bxc5 8. Nxe5 Bd7 9. Nxd7 Qxd7 10. Bxf6 gxf6 11. Qc2 Bb6 12. Bxc6 bxc6 13. d4 0-0-0 14. 0-0 Rhg8 15. g3 f5 16. Rc1 Rg6 17. a4 a5 18. Qd3 Rdg8 19. b4 f4 20. exf4 Qd6 21. bxa5 Qxf4 22. Rd1 Bxa5 23. Qa6+ Kd7 24. Qxa5 Rxg3+ 25. hxg3 Rxg3+ 26. Kf1 Rg1+ 27. Kxg1 Qg4+ 28. Kh2 Qh4+ 1/2-1/2

[Event "FRA-chT2"]
[Site "France"]
[Date "2002.01.??"]
[Round "6"]
[White "Kerrigan, Kevin"]
[Black "Mari, Alain"]
[Result "1-0"]
[WhiteElo "2129"]
[BlackElo "1870"]
[PlyCount "37"]
[EventDate "2002.??.??"]
[EventType "team-tourn"]
[EventRounds "11"]
[EventCountry "FRA"]
[SourceTitle "EXT 2003"]
[Source "ChessBase"]
[SourceDate "2002.11.25"]
[SourceVersion "1"]
[SourceVersionDate "2002.11.25"]
[SourceQuality "1"]

1. d4 Nf6 2. Nf3 g6 3. c4 Bg7 4. Nc3 d5 5. Bg5 Ne4 6. cxd5 Nxc3 7. bxc3 Qxd5 8. e3 Bg4 9. Be2 Bxf3 10. Bxf3 Qxg5 11. Bxb7 c6 12. 0-0 Qa5 13. Bxa8 0-0 14. Qf3 Qc7 15. Rab1 Re8 16. c4 a5 17. d5 cxd5 18. Bxd5 e6 19. Rb7 1-0

[Event "FRA-chT3"]
[Site "Maisons Alfort"]
[Date "2001.03.31"]
[Round "8.7"]
[White "Stolovitch, Claude"]
[Black "Kerrigan, Kevin"]
[Result "0-1"]
[WhiteElo "2043"]
[BlackElo "2010"]
[PlyCount "98"]
[EventDate "2001.03.31"]
[EventType "team-tourn"]
[EventRounds "9"]
[EventCountry "FRA"]
[SourceTitle "EXT 2003"]
[Source "ChessBase"]
[SourceDate "2002.11.25"]
[SourceVersion "1"]
[SourceVersionDate "2002.11.25"]
[SourceQuality "1"]

1. e4 e6 2. d4 d5 3. Nc3 Nf6 4. exd5 exd5 5. Nf3 Bd6 6. Bd3 0-0 7. 0-0 Nc6 8. Bg5 Be6 9. a3 h6 10. Bh4 g5 11. Bg3 Bxg3 12. fxg3 g4 13. Nh4 Nxd4 14. Qd2 Kg7 15. Qf4 c5 16. Rae1 Nc6 17. Bf5 Nd4 18. Bxe6 fxe6 19. Rxe6 Nxe6 20. Nf5+ Kg8 21. Qxh6 Qd7 22. Qg6+ Kh8 23. Qh6+ Qh7 24. Qe3 Ne4 25. Nxe4 Rxf5 26. Rxf5 Qxf5 27. Qh6+ Kg8 28. Nd6 Qe5 29. Qg6+ Ng7 30. h4 gxh3 31. Qf7+ Kh7 32. Qd7 Qxg3 33. Qxh3+ Qxh3 34. gxh3 b6 35. Kg2 Kg6 36. Nb5 Re8 37. Kf2 Re7 38. Nc3 Re5 39. Ne2 Rxe2+ 40. Kxe2 Kg5 41. Kf3 Ne6 42. Kg3 Nd4 43. h4+ Kh5 44. c3 Nf5+ 45. Kh3 d4 46. cxd4 cxd4 47. Kg2 b5 48. b3 a5 49. b4 a4 0-1